Piloti Vincitori dei Gran Premi di Formula 1 2018 - Statistics

Statistiche generali
  • Questo quiz è stato fatto 60 volte
  • Il punteggio medio è 20 su 21
Statistiche sulle risposte
Gran Premio Vincitore % Corretto
Gran Premio d'Azerbaigian Lewis Hamilton
100%
Gran Premio di Spagna Lewis Hamilton
100%
Gran Premio di Francia Lewis Hamilton
100%
Gran Premio di Germania Lewis Hamilton
100%
Gran Premio d'Ungheria Lewis Hamilton
100%
Gran Premio d'Italia Lewis Hamilton
100%
Gran Premio di Singapore Lewis Hamilton
100%
Gran Premio di Russia Lewis Hamilton
100%
Gran Premio del Giappone Lewis Hamilton
100%
Gran Premio del Brasile Lewis Hamilton
100%
Gran Premio di Abu Dhabi Lewis Hamilton
100%
Gran Premio d'Australia Sebastian Vettel
96%
Gran Premio del Bahrein Sebastian Vettel
96%
Gran Premio del Canada Sebastian Vettel
96%
Gran Premio di Gran Bretagna Sebastian Vettel
96%
Gran Premio del Belgio Sebastian Vettel
96%
Gran Premio d'Austria Max Verstappen
95%
Gran Premio del Messico Max Verstappen
95%
Gran Premio degli Stati Uniti Kimi Räikkönen
93%
Gran Premio di Cina Daniel Ricciardo
91%
Gran Premio di Monaco Daniel Ricciardo
91%
Nessun quiz corrispondente trovato
Distribuzione punteggi
Percentuale di utenti per punteggio
Percentile per numero di risposta
I tuoi punteggi nel tempo
Non hai fatto questo quiz